International journal of applied systemic studies

Αποθηκεύτηκε σε:
Λεπτομέρειες βιβλιογραφικής εγγραφής
Μορφή: Βιβλίο
Γλώσσα:English
Δημοσίευση: UK : Inderscience enterprises ltd, 2007
Θέματα:
Ετικέτες: Προσθήκη ετικέτας
Δεν υπάρχουν, Καταχωρήστε ετικέτα πρώτοι!

MARC

LEADER 00000nam a2200000 i 4500
001 1/72797
008 080128s2007 eng d
022 |a 17510589 
035 |l 10094210 
040 |a GR-MY-UA  |b gre  |e aacr 
041 0 |a eng 
082 0 |a 003  |2 (22) 
245 1 0 |a International journal of applied systemic studies 
260 |a UK :   |b Inderscience enterprises ltd,   |c 2007 
300 |a 115 σ.;  |c 25 εκ. 
504 |a Περιλαμβάνει βιβλιογραφίες και ευρετήριο 
650 0 0 |a System analysis  |x Periodicals. 
852 |a INST  |b RHODES  |e 20080221  |h 003 INT  |p 005400029743  |q 005400029743  |t BK  |y 0 
852 |a INST  |b RHODES  |e 20080128  |h 003 INT  |p 005400030216  |q 005400030216  |t BK  |y 0 
901 |a BIBL4-2008-1 
909 |a Ρ  |b 128280 
909 |a Ρ  |b 128417 
920 |a ΔΩΡΕΑ ΒΙΒΛΙΟΘΗΚΗΣ  |y ΡΟΔΟΣ  |z 2008-01 
970 |a ΜΙΣΣΟΣ  |b ΣΤΑΥΡΟΣ  |z 2008/01/28